| 000 | 00704nam a22002417a 4500 | ||
|---|---|---|---|
| 001 | 30482 | ||
| 003 | UA-OsUOA | ||
| 005 | 20220702100227.0 | ||
| 007 | ta | ||
| 008 | 20041110b un ||||| |||| 00| 0 ukr d | ||
| 020 | _a5-7000-0173-Х | ||
| 040 |
_aUA-OsUOA _brus _cUA-OsUOA _dUA-OsUOA |
||
| 041 | _arus | ||
| 044 | _aRU | ||
| 080 | _a821:011 | ||
| 090 |
_a821:011 _bЛ64 |
||
| 245 |
_aЛитература и искусство 1989 _bрекомендательный библиографический справочник _cсост. М. Е. Бабичева |
||
| 260 |
_aМосква _bКнижная палата _c1990 |
||
| 300 | _a240 с. | ||
| 650 | 7 | _2UDC | |
| 942 |
_cBK _2udc |
||
| 955 | _a0 | ||
| 999 |
_c316894 _d316894 |
||